Colleges and Universities in the State of New Jersey - Statistics

General Stats
  • This quiz has been taken 179 times
  • The average score is 12 of 24
Answer Stats
Location Institution % Correct
New Brunswick Rutgers University
98%
Princeton Princeton University
95%
Montclair Montclair State University
78%
Ewing The College of New Jersey
71%
Newark New Jersey Institute of Technology
68%
Glassboro Rowan University
67%
South Orange Seton Hall University
60%
West Long Branch Monmouth University
59%
Hoboken Stevens Institute of Technology
57%
Lawrence Rider University
53%
Union Kean University
52%
Galloway Stockton University
49%
Mahwah Ramapo College
48%
Teaneck Fairleigh Dickinson University
47%
Caldwell Caldwell University
41%
Jersey City St. Peter's University
36%
Madison Drew University
35%
Jersey City New Jersey City University
29%
Wayne William Paterson University
29%
Lakewood Georgian Court University
26%
Morris Saint Elizabeth University
19%
Trenton Thomas Edison State University
18%
Hackettstown Centenary University
17%
Lodi Felician University
14%
No matching quizzes found
Score Distribution
Percent of People with Each Score
Percentile by Number Answered
Your Score History
You have not taken this quiz